The evolution of physics: (Record no. 53098)
[ view plain ]
| 000 -LEADER | |
|---|---|
| fixed length control field | 00939cam a2200277 a 4500 |
| 001 - CONTROL NUMBER | |
| control field | 53098 |
| 003 - CONTROL NUMBER IDENTIFIER | |
| rucl marc code | BD-RjUL |
| 005 - DATE AND TIME OF LATEST TRANSACTION | |
| control field | 20211209075917.0 |
| 008 - FIXED-LENGTH DATA ELEMENTS--GENERAL INFORMATION | |
| fixed length control field | 730515s1938 nyu 000 0 eng |
| 035 ## - SYSTEM CONTROL NUMBER | |
| System control number | (BD-RjUL)53218 |
| System control number | 2166609 |
| 040 ## - CATALOGING SOURCE | |
| Original cataloging agency | LC |
| Language of cataloging | eng |
| Transcribing agency | LC |
| Modifying agency | BD-RjUL |
| 041 ## - LANGUAGE CODE | |
| Language code of text/sound track or separate title | eng |
| 082 00 - DEWEY DECIMAL CLASSIFICATION NUMBER | |
| Classification number | 530.9 |
| Edition number | 23 |
| Author mark and year | EIE 1938 |
| 100 1# - MAIN ENTRY--PERSONAL NAME | |
| Personal name | Einstein, Albert, |
| Dates associated with a name | 1879-1955. |
| 9 (RLIN) | 158703 |
| 245 14 - TITLE STATEMENT | |
| Title | The evolution of physics: |
| Remainder of title | the growth of ideas from early concepts to relativity and quanta / |
| Statement of responsibility, etc. | by Albert Einstein and Leopold Infeld. |
| 260 ## - PUBLICATION, DISTRIBUTION, ETC. (IMPRINT) | |
| Place of publication, distribution, etc. | New York : |
| Name of publisher, distributor, etc. | Simon and Schuster, |
| Date of publication, distribution, etc. | 1938. |
| 300 ## - PHYSICAL DESCRIPTION | |
| Pagination | x, 319, [1] p. : |
| Illustrations | illus., III pl., diagrs.; |
| Size | 21 cm. |
| 500 ## - GENERAL NOTE | |
| General note | "About the author": p. [320] |
| 650 #0 - SUBJECT ADDED ENTRY--TOPICAL TERM | |
| Topical term or geographic name as entry element | Physics |
| General subdivision | History. |
| 9 (RLIN) | 154691 |
| Topical term or geographic name as entry element | Relativity (Physics) |
| 9 (RLIN) | 158704 |
| Topical term or geographic name as entry element | Quantum theory. |
| 9 (RLIN) | 158705 |
| 700 1# - ADDED ENTRY--PERSONAL NAME | |
| Personal name | Infeld, Leopold, |
| Dates associated with a name | 1898-1968, |
| Relator term | joint author. |
| 942 ## - ADDED ENTRY ELEMENTS (KOHA) | |
| Source of classification or shelving scheme | Dewey Decimal Classification |
| Koha item type | Books |
| Lost status | Source of classification or shelving scheme | Damaged status | Not for loan | Collection code | Permanent Location | Current Location | Shelving location | Date acquired | Source of acquisition | Cost, normal purchase price | Total Checkouts | Full call number | Date last seen | Copy number | Koha item type |
|---|---|---|---|---|---|---|---|---|---|---|---|---|---|---|---|
| Dewey Decimal Classification | Non-fiction | Central Library, University of Rajshahi | Central Library, University of Rajshahi | 09/11/1965 | Zeit | 13.60 | 530.9 EIE 1938 | 03/10/2016 | C-2 | Books |